| 000 | 00903nam a2200241Ia 4500 | ||
|---|---|---|---|
| 003 | OSt | ||
| 005 | 20220926021802.0 | ||
| 006 | a|||||r|||| 00| 0 | ||
| 007 | ta | ||
| 008 | 220923b |||||||| |||| 00| 0 eng d | ||
| 037 | _cGeneral Book | ||
| 040 |
_aRTL _cRTL _beng |
||
| 041 |
_2eng _aeng |
||
| 082 | _aVIN45,93:8.N84r, M4 /UN | ||
| 110 |
_aUNITED NATIONS, STRENGTHENING OF THE ROLE OF THE ORGANIZATION (Special Committee on-). GENERAL ASSEMBLY, OFFICIAL RECORDS: 39th SESSION _9326893 |
||
| 245 | 0 | _aReport | |
| 260 |
_aNew York _bUnited Nations _c1984 |
||
| 300 |
_aiii, 43p _ccm. |
||
| 500 | _aSupplement no 33 (A/39/33) | ||
| 700 |
_aUNITED NATIONS, STRENGTHENING OF THE ROLE OF THE ORGANIZATION (Special Committee on-). GENERAL ASSEMBLY, OFFICIAL RECORDS: 39th SESSION _9326894 |
||
| 942 |
_hVIN45,93:8.N84r, M4 /UN _cGB _2CC |
||
| 999 |
_c637645 _d637645 |
||